Family Guy Quiz - All Characters Voiced by Seth MacFarlane - Statistics

General Stats
  • This quiz has been taken 142 times
    139 since last reset
  • The average score is 9 of 22
Answer Stats
Hint Answer % Correct
The “Family Guy” himself Peter Griffin
98%
‘Loyal’ canine of the above Brian Griffin
97%
Psychopatic world - dominating baby brother of the above Stewie Griffin
97%
Perverted best friend of the protagonist Glenn Quagmire
92%
Alcoholic narcissistic news anchor of Quahog Tom Tucker
71%
Questionably qualified doctor of the above family Elmer Hartman
64%
The slobby drunk ‘creator’ of the world God
57%
Extremely corrupt father in law of the protagonist Carter Pewterschmidt
56%
“Lord and saviour”, son of the above Jesus Christ
51%
Upside - down son of the above Jake Tucker
43%
The fat jolly man that brings joy and presents Santa Claus
42%
Gay cousin of the protagonists dog Jasper
37%
Transgendered father of the protagonists best friend Ida Davis
30%
Military - dodger son of Joe Swanson Kevin Swanson
29%
Identical - twin of Quahogs news anchor Tim Tucker
12%
Quadriplegic former pirate with 4 peg limbs Seamus Levine
11%
Short lived parrot of the protagonist Adrianne Beaky
3%
23rd wife of Carol West and rival of Joe Swanson Arthur McArthur
2%
Sadistic lawyer of the above Christian Aftershave
2%
British sword fighting rival of the protagonist Shelly Boothbishop
1%
Paternal grandfather of the protagonist Josiah Griffin
0%
Father of the above Willhelm Pewterschmidt
0%
No matching quizzes found
Score Distribution
Percent of People with Each Score
Percentile by Number Answered
Your Score History
You have not taken this quiz since the last reset